| 000 | 00527nam a22001697a 4500 | ||
|---|---|---|---|
| 999 |
_c13543 _d13543 |
||
| 003 | AR-CdUCM | ||
| 008 | 190415b ||||| |||| 00| 0 spa d | ||
| 040 |
_aMUNICIPALIDAD PROVINCIAL DEL CUSCO _cBIBLIOTECA MUNICIPAL DEL CUSCO |
||
| 082 |
_aC / 985 / _bA58 |
||
| 100 |
_aAngles Vargas, Victor _93228 |
||
| 245 | _aPerentoria necesidad de sustituir la bandera del Cusco / | ||
| 260 | _aCusco : | ||
| 300 |
_a19 paginas ; _c20.5 cm. |
||
| 650 |
_aBandera del Cusco. _931999 |
||
| 942 |
_2ddc _cFOLLETOS |
||
| 945 |
_awfj _d2019-04-15 |
||